书目信息 |
| 题名: |
ANSYS工程分析实例教程
|
|
| 作者: | 陈精一 编著 | |
| 分册: | ||
| 出版信息: | 北京 中国铁道出版社 2007 |
|
| 页数: | 387页 | |
| 开本: | 26cm | |
| 丛书名: | 计算机工程应用系列丛书 | |
| 单 册: | ||
| 中图分类: | O241.82-39 , O241.82 | |
| 科图分类: | ||
| 主题词: | 有限元分析--应用软件--教材 | |
| 电子资源: | ||
| ISBN: | 978-7-113-07388-6 | |
| 000 | 01108nam0 2200289 450 | |
| 000 | 01090nam0 2200277 450 | |
| 000 | 01017nam0 2200253 450 | |
| 000 | 00981nam0 2200241 45 | |
| 005 | 20070606175749.01 | |
| 010 | @a978-7-113-07388-6@dCNY37.00 | |
| 100 | @a20070518d2007 em y0chiy0120 ea | |
| 101 | 0 | @achi |
| 102 | @aCN@b110000 | |
| 105 | @ay z 000yy | |
| 200 | 1 | @aANSYS工程分析实例教程@AANSYS Gong Cheng Fen Xi Shi Li Jiao Cheng@f陈精一编著@FChen Jing Yi Bian Zhu |
| 210 | @a北京@c中国铁道出版社@d2007 | |
| 215 | @a387页@c图@d26cm | |
| 225 | 2 | @a计算机工程应用系列丛书 |
| 330 | @a本书共分7章,第一章为计算机辅助工程简介;第二章主要描述ANSYS软件构架、环境介绍、文件介绍等;第三章及第四章主要介绍有限元模型之建立及高级建模技巧;第五章主要介绍实体模型的建立;第六章主要介绍网络的生成与设置;第七章主要介绍载荷施加的方法。 | |
| 410 | 0 | @12001 @a计算机工程应用系列丛书 |
| 606 | 0 | @a有限元分析@x应用软件@j教材 |
| 610 | @aANSYS | |
| 690 | @aO241.82-39@v4 | |
| 690 | @aO241.82@v3 | |
| 701 | 0 | @a陈精一@AChen Jing Yi@4编著 |
| 801 | 0 | @aCN@bTAOJIN@c20070606 |
| 905 | @a10447@dO241.82@e149 | |
| ANSYS工程分析实例教程/陈精一编著.-北京:中国铁道出版社,2007 |
| 387页:图;26cm.-(计算机工程应用系列丛书) |
| ISBN 978-7-113-07388-6:CNY37.00 |
| 本书共分7章,第一章为计算机辅助工程简介;第二章主要描述ANSYS软件构架、环境介绍、文件介绍等;第三章及第四章主要介绍有限元模型之建立及高级建模技巧;第五章主要介绍实体模型的建立;第六章主要介绍网络的生成与设置;第七章主要介绍载荷施加的方法。 |
| ● |
| 相关链接 |
|
|
|
|
正题名:ANSYS工程分析实例教程
索取号:O241.82/149
 
预约/预借
| 序号 | 登录号 | 条形码 | 馆藏地/架位号 | 状态 | 备注 |
| 1 | 0526794 | 205267940 | 第二样本阅览室/ [索取号:O241.82/149] | 在馆 | |
| 2 | 0526795 | 205267959 | 第三借阅区/ [索取号:O241.82/149] | 在馆 | |
| 3 | 0526796 | 205267968 | 第三借阅区/ [索取号:O241.82/149] | 在馆 | |
| 4 | 0526797 | 205267977 | 第三借阅区/ [索取号:O241.82/149] | 在馆 | |
| 5 | 0526798 | 205267986 | 第三借阅区/ [索取号:O241.82/149] | 在馆 | |
| 6 | 0526799 | 205267995 | 第三借阅区/ [索取号:O241.82/149] | 在馆 | |
| 7 | 0526800 | 205268002 | 第三借阅区/ [索取号:O241.82/149] | 在馆 | |
| 8 | 0526801 | 205268011 | 第三借阅区/ [索取号:O241.82/149] | 在馆 |